Top 10 Richest Countries by GDP - Statistics

General Stats
  • This quiz has been taken 13 times
  • The average score is 10 of 10
Answer Stats
Hint Answer % Correct
$19 Trillion China
100%
$3.2 Trillion France
100%
$4.7 Trillion Germany
100%
$2.5 Trillion Italy
100%
$4.3 Trillion Japan
100%
$3.8 Trillion United Kingdom
100%
$30 Trillion United States
100%
$2.3 Trillion Canada
92%
$4.2 Trillion India
92%
$2.3 Trillion Brazil
75%
No matching quizzes found
Score Distribution
Percent of People with Each Score
Percentile by Number Answered
Your Score History
You have not taken this quiz